00765nam a2200253Ia 4500008004100000020001500041050001700056050002000073100002300093245001700116245003100133245002300164260001700187260002600204260000900230300001700239300002000256300001100276500002000287650003400307650003100341999001900372952012000391160418s9999 xx 000 0 und d a9710863932 aFIL DS 675.8 b.R5Z35 2003 c.5 aZaide, Gregorio F. aJose Rizal : blife, works and writings / cGregorio F. Zaide. aMandaluyong: bNational Books Store, c2003 a3187 pages : billustrations ; c22 cm. aIncludes index. aRizal, Jose P. -- Biography.  xRizal, Jose P., 1861-1896. c293656d293656 001040aSMCbSMCcFILd2011-04-11l0oFIL DS 675.8 .R5Z35 2003 c.5pSMC05627r2016-04-18 00:00:00w2016-04-18yBK